| 000 | 02540nam a2200325 a 4500 | ||
|---|---|---|---|
| 005 | 20150828132506.0 | ||
| 008 | 130606s2008 ck a gr 000 0dspa d | ||
| 020 | _a9789589782682 | ||
| 040 |
_aCO-BoBLA _cCO-BoBLA _dCO-BoIAVH |
||
| 041 | 0 | _aspa | |
| 044 | _ack | ||
| 082 | 0 | 4 |
_a639.34 _bF19c |
| 245 | 0 | 0 |
_aContribución a la gestión sostenible y al conocimiento biológico y socio económico de la cadena de valor de peces ornamentales de Puerto Carreño : _breserva de biósfera el Tuparro (Vichada-Colombia) / _cHernando Ramírez Gil ... [et al.] ; editoras Patricia Falla Ramírez, Johanna Poveda Rocha ; fotografía Rosa Elena Ajiaco M. ... [et al.] ; ilustraciones y gráficos Luisa Fda. Cuervo G. |
| 260 |
_aBogotá : _bFundación Omacha Colombia ; _aVillavicencio : _bFundación Horizonte Verde : _bFondo para la Acción Ambiental y la Niñez, _c2008. |
||
| 300 |
_a125 p. _bilustraciones, gráficas y tablas _c24 cm. |
||
| 500 | _aEn el marco del Proyecto Pijiwi Orinoko "Incremento y consolidación de áreas protegidas y generación de alternativas económicas sostenibles enfocadas en la pesca ornamental y el ecoturismo en la Reserva de Biósfera El Tuparro a través de un esquema participativo". Incluye anexos. Incluye lista de figuras, tablas y anexos. | ||
| 504 | _aIncluye referencia bibliográficas (Páginas 97-104). | ||
| 505 | _aAlgunas consideraciones conceptuales que sustentan la propuesta de conformar la cadena de valor de peces ornamentales bajo los principios de biocomercio y comercio justo. Marco normativo de la pesca y comercialización de peces ornamentales. Aspectos biológicos de la cadena de valor de peces ornamentales. Mercado de peces ornamentales. La cadena de valor de los peces ornamentales de Puerto Carreño. Estrategia de competitividad para la cadena de valor de peces ornamentales de Puerto Carreño. | ||
| 650 | 4 |
_aPeces ornamentales _x Comercio _z Reserva de Biósfera El Tuparro (Vichada, Colombia) |
|
| 650 | 4 |
_aDesarrollo sostenible _z Reserva de Biósfera El Tuparro (Vichada, Colombia) |
|
| 651 | 4 |
_aReserva de Biósfera El Tuparro (Vichada, Colombia) _x Aspectos ambientales. |
|
| 700 | 1 | _aRamírez Gil, Hernando. | |
| 700 | 1 | _aFalla Ramírez, Patricia, | |
| 700 | 1 | _aPoveda Rocha, Johanna, | |
| 700 | 1 | _aLozada Perdomo, Paola Andrea | |
| 700 | 1 |
_aAjiaco M., Rosa Elena, _efotografías |
|
| 700 | 1 |
_aCuervo G., Luisa Fernanda, _eilustreciones |
|
| 942 |
_2ddc _cLIBRO |
||
| 949 |
_an _bn |
||
| 999 |
_c17728 _d17728 |
||